| 000 | 01085cam a22002894a 4500 | ||
|---|---|---|---|
| 999 |
_c331488 _d331488 |
||
| 001 | 12311952 | ||
| 003 | NUST | ||
| 005 | 20171002112025.0 | ||
| 008 | 010216s2002 mauab b 001 0 eng | ||
| 010 | _a 2001030342 | ||
| 020 | _a0072320419 (alk. paper) | ||
| 020 | _a0071122591 (ISE) | ||
| 040 |
_aDLC _cDLC _dDLC |
||
| 042 | _apcc | ||
| 050 | 0 | 0 |
_aQR41.2 _b.P74 2002 |
| 082 | 0 | 0 |
_a579 PRE _221 |
| 100 | 1 |
_aPrescott, Lansing M. _95120 |
|
| 245 | 0 | 0 |
_aMicrobiology / _cLansing M. Prescott, John P. Harley, Donald A. Klein. |
| 250 | _a5th ed. | ||
| 260 |
_aBoston : _bMcGraw-Hill, _cc2002. |
||
| 300 |
_a1 v. (various pagings) : _bill. (some col.), col. maps ; _c29 cm. |
||
| 500 | _aP.B | ||
| 504 | _aIncludes bibliographical references and index. | ||
| 650 | 0 |
_aMicrobiology. _95121 |
|
| 700 | 1 |
_aHarley, John P. _92683 |
|
| 700 | 1 |
_aKlein, Donald A., _d1935- _95122 |
|
| 906 |
_a7 _bcbc _corignew _d1 _eocip _f20 _gy-gencatlg |
||
| 942 |
_2ddc _cBK _kIESE |
||